000 01030nam a22002417a 4500
008 170513s2002 sp||||| |||| 00| 0 spa d
020 _a8495938081
082 0 4 _a708
_bP896p
100 1 _aPrado, Chema.
_95794
245 1 0 _aPekín - Shanghai /
_cChema Prado ; texto por Antonio Zaya.
250 _a1a ed.
260 _aLanzarote, España :
_bSala de Exposiciones Los Aljibes,
_c2002.
300 _a53 p.
_bil. col.
500 _aCatálogo publicado con motivo a la exposición "Pekín - Shanghai", presentada durante el 2002 en: -Sala Los Aljibes en mayo -Casa de Colón durante junio y julio -Molino de Antigua en agosto -Casa Salazar en Octubre -Centro de Fotografía Isla de Tenerife durante noviembre y diciembre.
505 0 _tChina está cerca
_tChina is closer
_tChina ist nah
653 1 0 _aArte contemporáneo
653 1 0 _aCatálogo de exhibición
653 1 0 _aExhibición itinerante
653 1 0 _aFotografía
653 1 0 _aArte - España
653 1 0 _aFotógrafos - España
700 1 _aZaya, Antonio.
_95799
999 _c1187
_d1187